Guide to Indian periodical literature : (Record no. 762002)
[ view plain ]
| 000 -LEADER | |
|---|---|
| fixed length control field | 00959namaa2200277 a 4500 |
| 001 - CONTROL NUMBER | |
| control field | vtls000936963 |
| 003 - CONTROL NUMBER IDENTIFIER | |
| control field | NLI |
| 005 - DATE AND TIME OF LATEST TRANSACTION | |
| control field | 20210627091039.0 |
| 008 - FIXED-LENGTH DATA ELEMENTS--GENERAL INFORMATION | |
| fixed length control field | 110929s1993 ii 000 0 eng |
| 039 #9 - LEVEL OF BIBLIOGRAPHIC CONTROL AND CODING DETAIL [OBSOLETE] | |
| -- | 201109292059 |
| -- | Entertech_02 |
| 040 ## - CATALOGING SOURCE | |
| Original cataloging agency | NLI |
| Language of cataloging | eng |
| Transcribing agency | Entertech-2011 |
| Description conventions | AACR2 |
| 044 ## - COUNTRY OF PUBLISHING/PRODUCING ENTITY CODE | |
| MARC country code | ii |
| 082 04 - DEWEY DECIMAL CLASSIFICATION NUMBER | |
| Classification number | 050.95400838 |
| 245 00 - TITLE STATEMENT | |
| Title | Guide to Indian periodical literature : |
| Remainder of title | social science and humanities / |
| Statement of responsibility, etc. | edited by Vijay Kumar Jain ; compiled by Syed Mohammed Ali and Har Saran Sharma |
| 260 ## - PUBLICATION, DISTRIBUTION, ETC. | |
| Place of publication, distribution, etc. | Gurgaon : |
| Name of publisher, distributor, etc. | Indian Documentation Service, |
| Date of publication, distribution, etc. | 1993 |
| 300 ## - PHYSICAL DESCRIPTION | |
| Extent | -v ; |
| Dimensions | 27 cm. |
| 650 #0 - SUBJECT ADDED ENTRY--TOPICAL TERM | |
| Topical term or geographic name entry element | General serials |
| 9 (RLIN) | 882894 |
| 700 1# - ADDED ENTRY--PERSONAL NAME | |
| Personal name | Sharma, Har Saran, |
| Relationship | com |
| 9 (RLIN) | 882895 |
| 700 1# - ADDED ENTRY--PERSONAL NAME | |
| Personal name | Ali, Syed Mohammed, |
| Relationship | com |
| 9 (RLIN) | 780343 |
| 887 ## - NON-MARC INFORMATION FIELD | |
| Content of non-MARC field | |
| 901 ## - LOCAL DATA ELEMENT A, LDA (RLIN) | |
| a | PP68841 : |
| b | 14.11.1996 |
| 9 | v.28 |
| 901 ## - LOCAL DATA ELEMENT A, LDA (RLIN) | |
| a | PP69163 : |
| b | 11.11.1997 |
| 9 | v.29 |
| 901 ## - LOCAL DATA ELEMENT A, LDA (RLIN) | |
| a | PP69199 : |
| b | 23.12.1997 |
| 9 | v.30 |
| 902 ## - LOCAL DATA ELEMENT B, LDB (RLIN) | |
| a | R.R. 050.95400838 G 941 |
| 942 ## - ADDED ENTRY ELEMENTS (KOHA) | |
| Source of classification or shelving scheme | Dewey Decimal Classification |
| Koha item type | Books |
| Withdrawn status | Lost status | Damaged status | Not for loan | Collection code | Home library | Current library | Shelving location | Date acquired | Total Checkouts | Full call number | Date last seen | Price effective from | Koha item type |
|---|---|---|---|---|---|---|---|---|---|---|---|---|---|
| Reading Room | National Library of India | National Library of India | Reading Room - Main Reading Room | R.R. 050.95400838 G 941 | 27/06/2021 | 27/06/2021 | Books |
